|
|
|
|
| LEADER |
01699nam a22003614a 4500 |
| 001 |
45768 |
| 003 |
BD-DhAAL |
| 005 |
20260517171717.0 |
| 008 |
240517t2001 cauab b 001 0 eng |
| 010 |
|
|
|a 2001027244
|
| 020 |
|
|
|a 0520227360
|
| 020 |
|
|
|a 9780520227361
|
| 035 |
|
|
|a 12306276
|
| 040 |
|
|
|a DLC
|c DLC
|d DLC
|d BD-DhAAL
|
| 042 |
|
|
|a pcc
|
| 043 |
|
|
|a a-ja---
|
| 050 |
0 |
0 |
|a DS832
|b .W35 2001
|
| 082 |
0 |
0 |
|a 952.025
|2 21
|
| 100 |
1 |
|
|a Walker, Brett L.,
|d 1967-
|9 60816
|
| 245 |
1 |
4 |
|a The conquest of Ainu lands :
|b ecology and culture in Japanese expansion, 1590-1800 /
|c Brett L. Walker.
|
| 260 |
|
|
|a Berkeley:
|b University of California Press,
|c c2001.
|
| 300 |
|
|
|a xii, 332 pages :
|b ill., maps ;
|c 24 cm
|
| 504 |
|
|
|a Includes bibliographical references (p. 275-297) and index.
|
| 526 |
8 |
|
|a AAL
|
| 541 |
1 |
|
|a Donated by Embassy of Japan in Bangladesh, Read Japan Project 2025, The Tokyo Foundation, supported by The Nippon Foundation.
|e 45768
|
| 650 |
|
0 |
|a Ainu
|x History.
|9 60817
|
| 650 |
|
0 |
|a Human ecology
|z Japan
|z Hokkaido.
|9 60818
|
| 651 |
|
0 |
|a Hokkaido (Japan)
|x History.
|9 60819
|
| 651 |
|
0 |
|a Japan
|x History
|y Tokugawa period, 1600-1868.
|9 60784
|
| 852 |
1 |
|
|a Ayesha Abed Library
|c General Stacks
|
| 942 |
|
|
|2 ddc
|c BK
|
| 999 |
|
|
|c 47972
|d 47972
|
| 952 |
|
|
|0 0
|1 0
|2 ddc
|4 0
|6 952_025000000000000_WAL
|7 0
|9 79219
|a BRACUL
|b BRACUL
|d 2026-05-17
|e Donated by Embassy of Japan in Bangladesh, Read Japan Project 2025, The Tokyo Foundation, supported by The Nippon Foundation.
|l 0
|o 952.025 WAL
|p 3010045768
|r 2026-05-17
|t 1
|w 2026-05-17
|y BK
|x Donated copy received from Embassy of Japan in Bangladesh, Read Japan Project 2025, The Tokyo Foundation, supported by The Nippon Foundation on 08 April 2026; $31.95
|